Valtiot, jotka ovat väkirikkaampia kuin kaikki naapurimaat yhteensä - Statistics

Yleistilastot
  • Tätä visaa on pelattu 475 kertaa
  • Keskiarvotulos 5 / 8
Vastaustilastot
Valtio % Oikein
Yhdysvallat
93%
Indonesia
69%
Yhdistynyt kuningaskunta
66%
Etelä-Korea
57%
Nigeria
57%
Etelä-Afrikka
56%
Egypti
50%
Haiti
43%
Ehtoja vastaavia visoja ei löytynyt
Tulosjakauma
Jokaisen tuloksen saaneiden osuus
Persentiili vastausten määrän mukaan
Tuloshistoriasi
Et ole pelannut tätä visaa